[Event "Cardenas Cup 3rd"]
[Site "Cardenas"]
[Date "2007.05.02"]
[Round "10"]
[White "Calvo Buides, Arnaldo"]
[Black "Gonzalez Mesa, Daniel"]
[Result "1-0"]
[WhiteElo "2101"]
[BlackElo "2094"]
[PlyCount "65"]
[EventDate "2007.04.28"]
[EventType "tourn"]
[EventRounds "18"]
[EventCountry "CUB"]
[SourceTitle "EXT 2019"]
[Source "ChessBase"]
[SourceDate "2018.10.10"]
[SourceVersion "1"]
[SourceVersionDate "2018.10.10"]
[SourceQuality "1"]

1. e4 d5 2. exd5 Nf6 3. Bb5+ Bd7 4. Bc4 Bg4 5. f3 Bf5 6. Nc3 Nbd7 7. Nge2 Nb6 8. Bb5+ Bd7 9. Bxd7+ Qxd7 10. 0-0 Nbxd5 11. d3 e5 12. f4 Bc5+ 13. Kh1 Ng4 14. Nxd5 Qxd5 15. Nc3 Qd7 16. Ne4 Bb6 17. fxe5 Nxe5 18. Qh5 Ng6 19. Bh6 0-0 20. Bxg7 f5 21. Nf6+ Rxf6 22. Bxf6 f4 23. Qg5 Qf7 24. Be5 Be3 25. Rae1 Qd5 26. Bf6 Qd7 27. h4 Kf7 28. Bc3 Qe7 29. Rxe3 Qxe3 30. Re1 Qb6 31. Qh6 Rg8 32. Qxh7+ Kf8 33. Qd7 1-0